تكنولوجيا الاتصال والمعلومات = (رقم التسجيلة. 82394)

تفاصيل مارك
000 -الفاتح
حقل البيانات ثابتة الطول 00930nam a2200253 4500
001 - رقم الضبط
رقم الضبط
003 - محدد رقم الضبط
رقم الضبط OSt
005 - وقت وتاريخ اخر تعامل مع التسجيلة
رقم الضبط 20220911162108.0
008 - عناصر البيانات ثابتة الطول - معلومات عامة
حقل البيانات ثابتة الطول 150517s2014 jo f 000 0 ara c
020 ## - الرقم الدولى المعيارى للكتب
الرقم الدولى المعيارى للكتاب 9789957069681
040 ## - مصدر الفهرسة
وكالة الفهرسة الأصلية MA-UN
وكالة النسخ MA-UN
082 04 - رقم تصنيف ديوى العشرى
رقم الطبعة 21
رقم التصنيف 303.4833
رقم المادة م م ت
100 1# - المدخل الرئيسى - إسم شخصى
الإسم الشخصى مزاهرة، منال هلال
245 10 - بيان العنوان
العنوان تكنولوجيا الاتصال والمعلومات =
بقية العنوان Information & communication technologies /
بيان المسئوليه,etc منال هلال المزاهرة.
246 31 - العنوان الموازى
عنوان صحيح/عنوان مختصر Information & communication technologies
250 ## - بيان الطبعة
بيان الطبعة ط. 1.
260 ## - PUBLICATION, DISTRIBUTION, ETC. (IMPRINT)
مكان الناشر او الموزع عمان، الأردن :
اسم الناشر او الموزع دار المسيرة للنشر والتوزيع،
تاريخ النشر أو التوزيع 2014
تاريخ النشر هجري 1435.
300 ## - الوصف المادى
التعداد 448 ص. ؛
أبعاد الوعاء 24 سم.
504 ## - تبصرة ببليوجرافية
تبصرة ببليوجرافية,الخ يشتمل على قائمة ببليوجرافية.
650 #7 - المدخل الاضافى بالموضوع-مصطلح موضوعى
مصطلح موضوعي أو اسم جغرافي كعنصر مدخل تكنولوجيا المعلومات
650 #7 - المدخل الاضافى بالموضوع-مصطلح موضوعى
مصطلح موضوعي أو اسم جغرافي كعنصر مدخل أنظمة المعلومات
952 ## - LOCATION AND ITEM INFORMATION (KOHA)
نوع المادة فى نظام كوها كتاب
952 ## - LOCATION AND ITEM INFORMATION (KOHA)
نوع المادة فى نظام كوها كتاب
952 ## - LOCATION AND ITEM INFORMATION (KOHA)
نوع المادة فى نظام كوها كتاب
952 ## - LOCATION AND ITEM INFORMATION (KOHA)
نوع المادة فى نظام كوها كتاب
952 ## - LOCATION AND ITEM INFORMATION (KOHA)
نوع المادة فى نظام كوها كتاب
952 ## - LOCATION AND ITEM INFORMATION (KOHA)
نوع المادة فى نظام كوها كتاب
952 ## - LOCATION AND ITEM INFORMATION (KOHA)
نوع المادة فى نظام كوها كتاب
952 ## - LOCATION AND ITEM INFORMATION (KOHA)
نوع المادة فى نظام كوها كتاب
952 ## - LOCATION AND ITEM INFORMATION (KOHA)
نوع المادة فى نظام كوها كتاب
952 ## - LOCATION AND ITEM INFORMATION (KOHA)
نوع المادة فى نظام كوها كتاب
952 ## - LOCATION AND ITEM INFORMATION (KOHA)
نوع المادة فى نظام كوها كتاب
952 ## - LOCATION AND ITEM INFORMATION (KOHA)
نوع المادة فى نظام كوها كتاب
952 ## - LOCATION AND ITEM INFORMATION (KOHA)
نوع المادة فى نظام كوها كتاب
952 ## - LOCATION AND ITEM INFORMATION (KOHA)
نوع المادة فى نظام كوها كتاب
952 ## - LOCATION AND ITEM INFORMATION (KOHA)
نوع المادة فى نظام كوها كتاب
952 ## - LOCATION AND ITEM INFORMATION (KOHA)
نوع المادة فى نظام كوها كتاب
952 ## - LOCATION AND ITEM INFORMATION (KOHA)
نوع المادة فى نظام كوها كتاب
952 ## - LOCATION AND ITEM INFORMATION (KOHA)
نوع المادة فى نظام كوها كتاب
952 ## - LOCATION AND ITEM INFORMATION (KOHA)
نوع المادة فى نظام كوها كتاب
535 2# - تبصرة موقع الأصول / النسخ
المالك 3
942 ## -
-- ddc
-- BOOK
المقتنيات
حالة الفقد نموذج السعر الفعال حالة تلف ليس للاعارة تاريخ الاكتساب رقم الطلب تاريخ الاكتساب الموقع الحالي الباركود الفرع الرئيسي Date last seen مصدر التصنيف او خطة الترفيف Total Checkouts
  2022-09-11   Not For Loan 2022-09-11 303.4833 م م ت 2022-09-11 CL 00196897 المكتبة المركزية بالمجمعة (CL) 2022-09-11 Dewey Decimal Classification  
  2022-09-11     2022-09-11 303.4833 م م ت 2022-09-11 CL 00196898 المكتبة المركزية بالمجمعة (CL) 2022-09-11 Dewey Decimal Classification  
  2022-09-11     2022-09-11 303.4833 م م ت 2022-09-11 CL 00196899 المكتبة المركزية بالمجمعة (CL) 2022-09-11 Dewey Decimal Classification  
  2022-09-11   Not For Loan 2022-09-11 303.4833 م م ت 2022-09-11 EMF 00196902 مكتبة مجمع الطالبات بالمجمعة (EMF) 2022-09-11 Dewey Decimal Classification  
  2022-09-11     2022-09-11 303.4833 م م ت 2022-09-11 EMF 00196903 مكتبة مجمع الطالبات بالمجمعة (EMF) 2022-09-11 Dewey Decimal Classification  
  2022-09-11   Not For Loan 2022-09-11 303.4833 م م ت 2022-09-11 EZF 00196900 مكتبة كلية التربية بالزلفى - طالبات (EZF) 2022-09-11 Dewey Decimal Classification  
  2022-09-11     2022-09-11 303.4833 م م ت 2022-09-11 EZF 00196901 مكتبة كلية التربية بالزلفى - طالبات (EZF) 2022-09-11 Dewey Decimal Classification  
  2022-09-11   Not For Loan 2022-09-11 303.4833 م م ت 2022-09-11 IC 00196904 قسم الاجراءات الفنية (IC) 2022-09-11 Dewey Decimal Classification  
  2022-09-11     2022-09-11 303.4833 م م ت 2022-09-11 IC 00196905 قسم الاجراءات الفنية (IC) 2022-09-11 Dewey Decimal Classification  
  2022-09-11   Not For Loan 2022-09-11 303.4833 م م ت 2022-09-11 IC 00196906 قسم الاجراءات الفنية (IC) 2022-09-11 Dewey Decimal Classification  
  2022-09-11     2022-09-11 303.4833 م م ت 2022-09-11 IC 00196907 قسم الاجراءات الفنية (IC) 2022-09-11 Dewey Decimal Classification  
  2022-09-11   Not For Loan 2022-09-11 303.4833 م م ت 2022-09-11 IC 00196912 قسم الاجراءات الفنية (IC) 2022-09-11 Dewey Decimal Classification  
  2022-09-11     2022-09-11 303.4833 م م ت 2022-09-11 IC 00196913 قسم الاجراءات الفنية (IC) 2022-09-11 Dewey Decimal Classification  
  2022-09-11   Not For Loan 2022-09-11 303.4833 م م ت 2022-09-11 SRF 00196908 المكتبة المركزية بالمجمعة (CL) 2022-09-11 Dewey Decimal Classification  
  2022-09-11     2022-09-11 303.4833 م م ت 2022-09-11 SRF 00196909 المكتبة المركزية بالمجمعة (CL) 2022-09-11 Dewey Decimal Classification  
  2022-09-11   Not For Loan 2022-09-11 303.4833 م م ت 2022-09-11 SRM 00196910 مكتبة كلية العلوم و الدراسات الإنسانية برماح - طلاب (SRM) 2022-09-11 Dewey Decimal Classification  
  2022-09-11     2022-09-11 303.4833 م م ت 2022-09-11 SRM 00196911 مكتبة كلية العلوم و الدراسات الإنسانية برماح - طلاب (SRM) 2022-09-11 Dewey Decimal Classification  
  2022-09-11   Not For Loan 2022-09-11 303.4833 م م ت 2022-09-11 SZM 00196914 مكتبة مجمع الكليات بالزلفى - طلاب (SZM) 2022-09-11 Dewey Decimal Classification  
  2022-09-11     2022-09-11 303.4833 م م ت 2022-09-11 SZM 00196915 مكتبة مجمع الكليات بالزلفى - طلاب (SZM) 2022-09-11 Dewey Decimal Classification